| 000 | 00649nam a2200205Ia 4500 | ||
|---|---|---|---|
| 001 | 114597 | ||
| 003 | DR-UNIBE | ||
| 005 | 20260423104602.0 | ||
| 008 | 260423b1997 dr ||||| |||| 00| 0 spa d | ||
| 040 |
_cBIBLIOTECA UNIBE _aBiblioteca UNIBE _bspa |
||
| 041 | _aspa | ||
| 082 | _aF-RD 6039 | ||
| 100 | 0 |
_aHernández Mejía, Edgar _eautor _95180 |
|
| 245 | 1 | 0 |
_aEstudio jurídico sobre los delitos de sangre : _bparte II / _cEdgar Hernández Mejía |
| 260 |
_aSanto Domingo : _bEditora de Colores, _c1997 |
||
| 300 | 4 | _a62 páginas | |
| 650 | 4 |
_aDelitos _9110475 |
|
| 650 | 4 |
_aSangre en criminología _xAspectos jurídicos _9204312 |
|
| 942 |
_2ddc _cMX |
||
| 999 |
_c114597 _d114597 |
||